[Event "Rheinland Pfalz op Seniors 15th"]
[Site "Neustadt an der Weinstrasse"]
[Date "2017.07.15"]
[Round "1"]
[White "Jovi, Klaus"]
[Black "Bohne, Lutz"]
[Result "1/2-1/2"]
[WhiteElo "1599"]
[BlackElo "1917"]
[PlyCount "175"]
[EventDate "2017.07.15"]
[EventType "swiss"]
[EventRounds "9"]
[EventCountry "GER"]
[SourceTitle "EXT 2018"]
[Source "ChessBase"]
[SourceDate "2017.10.13"]
[SourceVersion "1"]
[SourceVersionDate "2017.10.13"]
[SourceQuality "1"]

1. e4 c6 2. d4 d5 3. e5 Bf5 4. h4 h5 5. Be2 g6 6. Nf3 e6 7. c3 Ne7 8. Bf4 Nd7 9. Nbd2 a6 10. Nb3 Qb6 11. a4 c5 12. a5 Qc7 13. dxc5 Nxc5 14. Nxc5 Qxc5 15. Be3 Qc8 16. Bd4 Nc6 17. 0-0 Bg7 18. b4 0-0 19. Re1 Qd7 20. b5 axb5 21. Bxb5 Rfc8 22. a6 bxa6 23. Rxa6 Rxa6 24. Bxa6 Rb8 25. Qa4 Nxe5 26. Qxd7 Nxd7 27. Bxg7 Kxg7 28. Rc1 Nc5 29. Bf1 Nb3 30. Re1 Be4 31. Nd4 Nxd4 32. cxd4 Rb1 33. Rxb1 Bxb1 34. f3 Kf6 35. Kf2 Kf5 36. g3 g5 37. hxg5 Kxg5 38. f4+ Kg6 39. Ke3 Bf5 40. Bg2 Kf6 41. Bf3 Bg4 42. Bg2 Ke7 43. Bf1 Kd6 44. Bb5 Kc7 45. Be8 f6 46. Bg6 Kd6 47. Bd3 e5 48. fxe5+ fxe5 49. dxe5+ Kxe5 50. Bg6 Bd1 51. Bh7 d4+ 52. Kd2 Bg4 53. Bg6 Bf3 54. Bh7 Be4 55. Bg8 Bg6 56. Bc4 Kf6 57. Be2 Ke5 58. Bf3 Bf5 59. Be2 Be4 60. Bd1 Bg6 61. Bf3 Kf5 62. Be2 Ke5 63. Bf3 Kd6 64. Be2 Kc5 65. Bf3 Kc4 66. Be2+ d3 67. Bf3 Kd4 68. Bc6 Bf5 69. Bf3 Bg4 70. Bb7 Be2 71. Bc6 Ke5 72. Ke3 Kf5 73. Bd7+ Kg5 74. Be6 Bg4 75. Bd5 Bf5 76. Bf3 Bg6 77. Bd1 Bf5 78. Bf3 Bh7 79. Bd1 Bg6 80. Bf3 Bf5 81. Bd1 Bg4 82. Bb3 Be2 83. Be6 Kf6 84. Bc8 Ke5 85. Bd7 Kd5 86. Bf5 Kc4 87. Kd2 Kd4 88. Bg6 1/2-1/2

[Event "Rheinland Pfalz op Seniors 14th"]
[Site "Neustadt an der Weinstrasse"]
[Date "2016.07.22"]
[Round "7"]
[White "Jovi, Klaus"]
[Black "Reimer, Karl"]
[Result "1/2-1/2"]
[WhiteElo "1592"]
[BlackElo "1503"]
[PlyCount "141"]
[EventDate "2016.07.16"]
[EventType "swiss"]
[EventRounds "9"]
[EventCountry "GER"]
[SourceTitle "EXT 2019"]
[Source "ChessBase"]
[SourceDate "2018.10.10"]
[SourceVersion "1"]
[SourceVersionDate "2018.10.10"]
[SourceQuality "1"]

1. e4 d6 2. d4 g6 3. Nc3 Nf6 4. Bc4 Bg7 5. Nge2 c6 6. 0-0 0-0 7. a3 Nbd7 8. Be3 Qc7 9. f3 b5 10. Bb3 a5 11. Rc1 Ba6 12. Re1 Nb6 13. a4 b4 14. Nb1 Nfd7 15. c4 c5 16. dxc5 dxc5 17. Rc2 Rfd8 18. Qc1 Ne5 19. Bf4 Rd3 20. Nd2 Rad8 21. g3 Qd7 22. Kg2 Qe6 23. Ng1 Nc6 24. Re3 Ne5 25. Bxe5 Rxe3 26. Bxg7 Kxg7 27. Kf2 Rdd3 28. Ne2 Rxb3 29. Nxb3 Rxb3 30. Nf4 Qe5 31. Qd2 e6 32. Qd8 Nxc4 33. Nd3 Qd4+ 34. Qxd4+ cxd4 35. Nc5 Ne3 36. Rd2 Rxb2 37. Rxb2 Nd1+ 38. Ke1 Nxb2 39. Nxa6 Nxa4 40. Kd2 e5 41. Kc2 Nc3 42. Nc5 a4 43. Nd3 b3+ 44. Kb2 Nb5 45. Nxe5 Kf6 46. Nd3 Ke7 47. Nc5 Kd6 48. Nxa4 d3 49. Kxb3 Nd4+ 50. Kc3 Nxf3 51. Kxd3 Nxh2 52. Nc3 Ng4 53. Ne2 Ke5 54. Nc3 h5 55. Nd1 Nf6 56. Nf2 g5 57. Ke3 Nd7 58. Nd3+ Ke6 59. Nf2 f5 60. exf5+ Kxf5 61. Kf3 Ne5+ 62. Kg2 g4 63. Nd1 Nf3 64. Ne3+ Ke4 65. Nf1 Kd3 66. Kf2 Ng5 67. Kg2 Ke2 68. Nh2 Nf3 69. Nf1 h4 70. gxh4 Nxh4+ 71. Kg3 1/2-1/2